000 00819cam a22001814a 4500
005 20250605163721.0
008 250528s ||||||||||||||||||||||||d
035 _a24912
020 _a9781422133446
040 _aGR-AtMCL
_bgre
_dGR-AtMCL
_eAACR2
245 1 _aThe Essentials / An Introduction to the Most Enduring Ideas on Management from Harvard Business Review
260 _bHarvard Business Review Press,
_c2011
300 _a282
520 _aMeeting the Challenge of Disruptive Change, Competing on Analytics, Managing Oneself, What Makes a Leader, Putting the Balanced Scorecard to Work, Innovation: The Classic Traps, Leading Change: Why Transformation Efforts Fail, Marketing Myopia, What is Strategy, The Core Competence of the Corporation, Index.
942 _cBK
999 _c9745
_d9745